| 000 | 00369nam a22001337a 4500 | ||
|---|---|---|---|
| 020 | _a9781480809222 | ||
| 082 |
_a153 _bDAV |
||
| 100 | _aDavis, Martin L. | ||
| 245 |
_aAre we there yet? : _bthe ultimate challenge / _cMartin L. Davis |
||
| 260 |
_aBloomington : _bArchway Publications, _c2014. |
||
| 300 |
_a137p. ; _c23 cm. |
||
| 563 | _aPBK. | ||
| 942 |
_2ddc _cBK |
||
| 999 |
_c588609 _d588609 |
||